Devinez l'État Américain Mystère #6 - Statistiques

Statistiques générales
  • Ce quiz a été pris 245 fois
  • Le résultat moyen est 30 sur 34
Statistiques - réponses
Type de Réponse Réponse % Correct
Lettre de l'Alphabet A
100%
Lettre de l'Alphabet N
100%
Lettre Trouvée O
100%
Lettre Trouvée E
99%
Lettre Trouvée I
99%
Lettre Trouvée R
99%
Lettre de l'Alphabet L
98%
Lettre de l'Alphabet S
97%
Lettre de l'Alphabet H
95%
Lettre de l'Alphabet T
95%
Lettre de l'Alphabet D
94%
Lettre de l'Alphabet K
94%
Lettre de l'Alphabet M
94%
Lettre de l'Alphabet W
94%
Lettre de l'Alphabet C
93%
Lettre de l'Alphabet Y
90%
Lettre de l'Alphabet F
89%
Lettre Trouvée G
89%
Lettre de l'Alphabet V
87%
Lettre de l'Alphabet U
86%
Lettre Bien Placée E
84%
Lettre Bien Placée O
84%
Lettre de l'Alphabet X
82%
Lettre de l'Alphabet B
81%
Lettre Bien Placée É
79%
Lettre de l'Alphabet Z
79%
Lettre de l'Alphabet P
78%
Lettre de l'Alphabet J
75%
Lettre Bien Placée G
72%
Lettre Bien Placée G
72%
État Mystère Géorgie
72%
Lettre Bien Placée I
72%
Lettre de l'Alphabet Q
72%
Lettre Bien Placée R
72%
Aucun quiz correspondant
Distribution des résultats
% des personnes avec chaque résultat
Percentile par nombre de réponses
Votre historique - résultats
Vous n’avez pas pris ce quiz